000 00359nam a22001577a 4500
003 SGT
020 _a9789351340065
082 _a650
_bB15L
100 _aLESIKA RAYMOND
245 _aBUSINESS COMMUNICATION
250 _a13TH
260 _aNEW DELHI
_bMC GRAW HILL EDUCATION DELHI
_c2015
300 _a772
650 _aMASS COMMUNICATION
942 _2ddc
_cBK
999 _c13009
_d13009